| 000 | 00430nam a2200157Ia 4500 | ||
|---|---|---|---|
| 005 | 20250329115352.0 | ||
| 008 | 231217s9999 xx 000 0 und d | ||
| 020 | _a9788131406106 | ||
| 082 | _a658.40580722 GIR.1;2 R1 | ||
| 100 | _aGirija, P ed. | ||
| 245 | 0 | _aCase studies on outsourcing trends V.1 | |
| 260 |
_c2007 _bIcfai Books _aHyderabad |
||
| 300 | _av, 268 | ||
| 650 | _astudies,outsourcing,trends,V.1 | ||
| 942 | _cAA | ||
| 999 |
_c189112 _d189112 |
||